[Event "OP-2013-0-02988"]
[Site "LSS email"]
[Date "2013.09.09"]
[Round "?"]
[White "Bajusz, Tibor"]
[Black "Serafino, Paola"]
[Result "1/2-1/2"]
[WhiteElo "1039"]
[BlackElo "1297"]
[PlyCount "31"]
[EventDate "2013.09.06"]
[EventType "tourn (corr)"]
[EventRounds "4"]
[EventCountry "GER"]
[SourceTitle "Corr 2015"]
[Source "ChessBase"]
[SourceDate "2015.07.17"]
[SourceVersion "1"]
[SourceVersionDate "2015.07.17"]
[SourceQuality "1"]

1. e4 e5 2. Nf3 Nc6 3. Bb5 a6 4. Bxc6 bxc6 5. d4 d6 6. dxe5 Bg4 7. Nc3 Bxf3 8. Qxf3 dxe5 9. 0-0 Qf6 10. Qd3 Qe6 11. Na4 Nf6 12. Rd1 Be7 13. Bg5 0-0 14. Bxf6 Qxf6 15. Qd7 Rac8 16. Rd3 1/2-1/2

[Event "SF-2013-0-00202"]
[Site "LSS email"]
[Date "2013.07.28"]
[Round "?"]
[White "Serafino, Paola"]
[Black "Raines, David T"]
[Result "1-0"]
[WhiteElo "1298"]
[BlackElo "999"]
[PlyCount "47"]
[EventDate "2013.06.23"]
[EventType "tourn (corr)"]
[EventRounds "6"]
[EventCountry "GER"]
[SourceTitle "Telechess CBM 161"]
[Source "ChessBase"]
[SourceDate "2014.07.16"]
[SourceVersion "1"]
[SourceVersionDate "2014.07.16"]
[SourceQuality "1"]

1. e4 Nc6 2. Nf3 e5 3. Bb5 Nge7 4. 0-0 g6 5. d4 Bg7 6. dxe5 Nxe5 7. Nc3 0-0 8. Nxe5 Bxe5 9. Bh6 Re8 10. f4 Bg7 11. Bxg7 Kxg7 12. f5 f6 13. fxg6 hxg6 14. Qf3 Rf8 15. Bc4 c6 16. Qg3 d5 17. Rad1 Qb6+ 18. Kh1 dxc4 19. e5 Bf5 20. exf6+ Rxf6 21. Qe5 Nd5 22. g4 Nxc3 23. Rd7+ Kg8 24. Rxf5 1-0

[Event "OP-2013-0-02885"]
[Site "LSS email"]
[Date "2013.07.16"]
[Round "?"]
[White "Serafino, Paola"]
[Black "Pepermans, Toon"]
[Result "0-1"]
[WhiteElo "1297"]
[BlackElo "2361"]
[PlyCount "70"]
[EventDate "2013.07.13"]
[EventType "tourn (corr)"]
[EventRounds "4"]
[EventCountry "GER"]
[SourceTitle "Telechess CBM 163"]
[Source "ChessBase"]
[SourceDate "2014.11.11"]
[SourceVersion "2"]
[SourceVersionDate "2014.11.11"]
[SourceQuality "1"]

1. e4 c5 2. Nf3 d6 3. d4 cxd4 4. Nxd4 Nf6 5. Nc3 a6 6. Be3 e6 7. Qd2 b5 8. a3 Bb7 9. Bd3 Nbd7 10. f3 Be7 11. 0-0-0 Rc8 12. h4 Ne5 13. Be2 0-0 14. h5 d5 15. Bf4 Nc4 16. Bxc4 Rxc4 17. h6 g6 18. e5 Nd7 19. Nce2 Qb6 20. Bg5 Bc5 21. Qf4 b4 22. b3 Rxd4 23. Nxd4 bxa3 24. Kb1 a5 25. Rhe1 a4 26. Re3 Ba6 27. Qh4 Re8 28. Ka2 axb3+ 29. cxb3 Bc4 30. Rc3 Rb8 31. Be3 Qb4 32. Qe1 Bxd4 33. Bxd4 Bxb3+ 34. Rxb3 Qxb3+ 35. Ka1 a2 0-1

[Event "SF-2013-0-00197"]
[Site "LSS email"]
[Date "2013.06.18"]
[Round "?"]
[White "Verich, Oleg"]
[Black "Serafino, Paola"]
[Result "0-1"]
[WhiteElo "952"]
[BlackElo "1297"]
[PlyCount "48"]
[EventDate "2013.05.04"]
[EventType "tourn (corr)"]
[EventRounds "6"]
[EventCountry "GER"]
[SourceTitle "Telechess CBM 163"]
[Source "ChessBase"]
[SourceDate "2014.11.11"]
[SourceVersion "2"]
[SourceVersionDate "2014.11.11"]
[SourceQuality "1"]

1. e4 e5 2. Nf3 Nc6 3. Bc4 Nf6 4. Ng5 d5 5. exd5 Nxd5 6. Nxf7 Kxf7 7. Qf3+ Ke6 8. Nc3 Ncb4 9. 0-0 c6 10. Bb3 Qf6 11. Qg4+ Kf7 12. Qg3 Be6 13. a3 Nxc3 14. dxc3 Bxb3 15. cxb3 Nd5 16. Bg5 Qf5 17. c4 Nf4 18. Kh1 Bd6 19. Rad1 Bc7 20. Bxf4 exf4 21. Qc3 Rhd8 22. c5 Rxd1 23. Rxd1 Rd8 24. Rxd8 Qb1+ 0-1

[Event "SF-2013-0-00197"]
[Site "LSS email"]
[Date "2013.06.17"]
[Round "?"]
[White "Serafino, Paola"]
[Black "Lonyuk, Bohdan"]
[Result "1-0"]
[WhiteElo "1297"]
[BlackElo "1111"]
[PlyCount "57"]
[EventDate "2013.05.04"]
[EventType "tourn (corr)"]
[EventRounds "6"]
[EventCountry "GER"]
[SourceTitle "Telechess CBM 163"]
[Source "ChessBase"]
[SourceDate "2014.11.11"]
[SourceVersion "2"]
[SourceVersionDate "2014.11.11"]
[SourceQuality "1"]

1. e4 e5 2. Nf3 Nc6 3. Bb5 Nf6 4. 0-0 Nxe4 5. Re1 Nd6 6. Bxc6 dxc6 7. Nxe5 Be7 8. d4 Be6 9. Nc3 Nf5 10. Nf3 Bf6 11. Be3 Nxe3 12. Rxe3 0-0 13. Qd3 Qd7 14. Ne4 Be7 15. Ne5 Qc8 16. Rae1 Rd8 17. c4 c5 18. d5 Bf5 19. Qd1 f6 20. Ng3 fxe5 21. Nxf5 Bf6 22. Rxe5 Qd7 23. Qg4 Bxe5 24. Rxe5 Kf8 25. Re7 Qxe7 26. Nxe7 Kxe7 27. Qxg7+ Kd6 28. Qf6+ Kd7 29. Qe6# 1-0

[Event "RF-2013-0-00158"]
[Site "LSS email"]
[Date "2013.06.13"]
[Round "?"]
[White "Trevis, Robert R"]
[Black "Serafino, Paola"]
[Result "0-1"]
[WhiteElo "1028"]
[BlackElo "1298"]
[PlyCount "60"]
[EventDate "2013.05.06"]
[EventType "tourn (corr)"]
[EventRounds "6"]
[EventCountry "GER"]
[SourceTitle "Telechess CBM 161"]
[Source "ChessBase"]
[SourceDate "2014.07.16"]
[SourceVersion "1"]
[SourceVersionDate "2014.07.16"]
[SourceQuality "1"]

1. e4 e5 2. Nf3 Nc6 3. d4 exd4 4. Nxd4 Nf6 5. Nc3 Bb4 6. Nxc6 bxc6 7. Bd3 0-0 8. 0-0 d5 9. Be3 Bxc3 10. bxc3 dxe4 11. Bc4 Qd6 12. Rb1 Ng4 13. Qxd6 cxd6 14. Bf4 d5 15. Be2 Nf6 16. Bd6 Re8 17. Rfe1 a5 18. Rb6 Re6 19. Rxc6 Ne8 20. Bg4 Bd7 21. Rb6 Rxd6 22. Rxd6 Bxg4 23. Rxd5 Nf6 24. Rc5 a4 25. c4 h6 26. h3 Be6 27. Rd1 Kh7 28. Rd6 e3 29. fxe3 Ne4 30. Rxe6 fxe6 0-1

[Event "ZN-2013-0-02313"]
[Site "LSS email"]
[Date "2013.05.28"]
[Round "?"]
[White "Serafino, Paola"]
[Black "Bearce, Harold L"]
[Result "1-0"]
[WhiteElo "1298"]
[BlackElo "575"]
[PlyCount "83"]
[EventDate "2013.05.24"]
[EventType "match (corr)"]
[EventRounds "2"]
[EventCountry "GER"]
[SourceTitle "Telechess CBM 161"]
[Source "ChessBase"]
[SourceDate "2014.07.16"]
[SourceVersion "1"]
[SourceVersionDate "2014.07.16"]
[SourceQuality "1"]

1. e4 c5 2. Nf3 d6 3. d4 cxd4 4. Nxd4 Nf6 5. Nc3 a6 6. Be3 e5 7. Nf3 Be7 8. Be2 0-0 9. Qd2 Nc6 10. h4 h5 11. Nh2 Be6 12. 0-0-0 b5 13. f4 exf4 14. Bxf4 Rc8 15. Bxd6 Bxd6 16. Qxd6 Qxd6 17. Rxd6 Rfd8 18. Rxd8+ Rxd8 19. b3 Ne5 20. Rd1 Rxd1+ 21. Kxd1 g6 22. Bd3 Kf8 23. Nf3 Nxf3 24. gxf3 Nd7 25. f4 Bg4+ 26. Kd2 Ke7 27. Ke3 Nc5 28. b4 Ne6 29. Nd5+ Kd6 30. c4 Kc6 31. cxb5+ axb5 32. Nc3 Nc7 33. Kd4 Bc8 34. Ke5 Na6 35. Bxb5+ Kb7 36. a3 Be6 37. Kf6 Nc7 38. Ba4 Bc4 39. Nd5 Nxd5+ 40. exd5 Bxd5 41. Be8 Kb6 42. Bxf7 1-0

[Event "OP-2013-0-02793"]
[Site "LSS email"]
[Date "2013.05.22"]
[Round "?"]
[White "Sievert, Jan Thorwald"]
[Black "Serafino, Paola"]
[Result "0-1"]
[WhiteElo "1866"]
[BlackElo "1298"]
[PlyCount "47"]
[EventDate "2013.05.19"]
[EventType "tourn (corr)"]
[EventRounds "4"]
[EventCountry "GER"]
[SourceTitle "Telechess CBM 161"]
[Source "ChessBase"]
[SourceDate "2014.07.16"]
[SourceVersion "1"]
[SourceVersionDate "2014.07.16"]
[SourceQuality "1"]

1. d4 d5 2. c4 e6 3. Nf3 Nf6 4. Nc3 Be7 5. Bf4 0-0 6. e3 Nbd7 7. c5 Ne4 8. Nxe4 dxe4 9. Nd2 Nf6 10. Qc2 c6 11. Bc4 Re8 12. 0-0 Nd5 13. Nxe4 Nxf4 14. exf4 b5 15. Bb3 a5 16. a4 Qxd4 17. Rfd1 Qb4 18. g3 g6 19. Nd6 Rd8 20. Rd2 Bxd6 21. cxd6 Rxd6 22. Rxd6 Qxd6 23. Rd1 Qb4 24. axb5 0-1

[Event "ZN-2013-0-02295"]
[Site "LSS email"]
[Date "2013.05.09"]
[Round "?"]
[White "Hendershot, Paul"]
[Black "Serafino, Paola"]
[Result "0-1"]
[WhiteElo "497"]
[BlackElo "1298"]
[PlyCount "42"]
[EventDate "2013.05.01"]
[EventType "match (corr)"]
[EventRounds "2"]
[EventCountry "GER"]
[SourceTitle "Telechess CBM 161"]
[Source "ChessBase"]
[SourceDate "2014.07.16"]
[SourceVersion "1"]
[SourceVersionDate "2014.07.16"]
[SourceQuality "1"]

1. e4 e5 2. d3 Nc6 3. c3 Nf6 4. Nh3 d5 5. exd5 Qxd5 6. Ng5 Bc5 7. Nd2 0-0 8. Ndf3 h6 9. c4 Qd6 10. Be2 hxg5 11. Nxg5 Bf5 12. 0-0 Rad8 13. Qb3 Nd4 14. Qd1 Nxe2+ 15. Qxe2 Bxd3 16. Qe1 Bxf1 17. Kxf1 Bb4 18. Bd2 Bxd2 19. c5 Qd3+ 20. Kg1 Bxe1 21. Rxe1 Qe2 0-1

[Event "OP-2013-0-02691"]
[Site "LSS email"]
[Date "2013.03.18"]
[Round "?"]
[White "Carneiro, Luis Guilherme"]
[Black "Serafino, Paola"]
[Result "0-1"]
[WhiteElo "1600"]
[BlackElo "1297"]
[PlyCount "146"]
[EventDate "2013.03.14"]
[EventType "tourn (corr)"]
[EventRounds "4"]
[EventCountry "GER"]
[SourceTitle "Telechess CBM 163"]
[Source "ChessBase"]
[SourceDate "2014.11.11"]
[SourceVersion "2"]
[SourceVersionDate "2014.11.11"]
[SourceQuality "1"]

1. e4 e5 2. Nf3 Nc6 3. d4 exd4 4. Bc4 Be7 5. c3 Nf6 6. e5 Ne4 7. Bd5 Ng5 8. Nxg5 Bxg5 9. Qh5 Qe7 10. Qxg5 f6 11. Qh5+ g6 12. Qe2 Qxe5 13. Qxe5+ fxe5 14. 0-0 d6 15. Bg5 Bf5 16. cxd4 Nxd4 17. Nc3 c6 18. Bb3 h6 19. Bf6 Rf8 20. Bg7 Nxb3 21. axb3 Rg8 22. Bxh6 g5 23. h4 gxh4 24. Rfd1 Rg6 25. Be3 Bg4 26. f3 Bxf3 27. Rd2 h3 28. g3 a6 29. Kh2 Ke7 30. Rf1 Bg2 31. Rf5 Rag8 32. Rdf2 R8g7 33. Ne2 Bd5 34. b4 Be6 35. Rf8 Rg4 36. b5 cxb5 37. Rb8 Bd5 38. Rh8 Rf7 39. Rxf7+ Kxf7 40. Rh4 Be6 41. Ng1 Rc4 42. Rxc4 bxc4 43. Nxh3 d5 44. Bb6 Bg4 45. Kg2 Kf6 46. Nf2 Be2 47. g4 d4 48. Ne4+ Ke6 49. g5 Bh5 50. Kf2 Bg6 51. Kf3 Kd5 52. Nf6+ Kc6 53. Bd8 b5 54. Ng4 e4+ 55. Kf4 b4 56. Bf6 Kd5 57. Bg7 c3 58. bxc3 dxc3 59. Ne3+ Kc5 60. Kg3 a5 61. Kf2 a4 62. Bf8+ Kb5 63. Ke1 a3 64. Nc2 a2 65. Bxb4 a1Q+ 66. Nxa1 Kxb4 67. Kd1 Kc4 68. Nc2 Bh5+ 69. Kc1 Kd3 70. Nb4+ Kd4 71. Nc2+ Kc4 72. Kb1 Kd3 73. Kc1 e3 0-1

[Event "OP-2013-0-02681"]
[Site "LSS email"]
[Date "2013.03.10"]
[Round "?"]
[White "Basson, Heinrich"]
[Black "Serafino, Paola"]
[Result "1/2-1/2"]
[WhiteElo "1318"]
[BlackElo "1297"]
[PlyCount "37"]
[EventDate "2013.03.06"]
[EventType "tourn (corr)"]
[EventRounds "4"]
[EventCountry "GER"]
[SourceTitle "Corr 2015"]
[Source "ChessBase"]
[SourceDate "2015.07.17"]
[SourceVersion "1"]
[SourceVersionDate "2015.07.17"]
[SourceQuality "1"]

1. d4 d5 2. c4 e6 3. Nc3 Nf6 4. Bg5 Be7 5. e3 0-0 6. Nf3 c5 7. cxd5 exd5 8. Be2 Nc6 9. a3 h6 10. Bh4 Be6 11. 0-0 Ne4 12. Bxe7 Qxe7 13. dxc5 Nxc3 14. bxc3 Qxc5 15. Qc2 Rac8 16. Rfc1 Rc7 17. Qa4 Bd7 18. Qf4 Rfc8 19. Bd3 1/2-1/2

[Event "OP-2013-0-02681"]
[Site "LSS email"]
[Date "2013.03.10"]
[Round "?"]
[White "Varas, Pablo"]
[Black "Serafino, Paola"]
[Result "0-1"]
[WhiteElo "1205"]
[BlackElo "1297"]
[PlyCount "84"]
[EventDate "2013.03.06"]
[EventType "tourn (corr)"]
[EventRounds "4"]
[EventCountry "GER"]
[SourceTitle "Telechess CBM 163"]
[Source "ChessBase"]
[SourceDate "2014.11.11"]
[SourceVersion "2"]
[SourceVersionDate "2014.11.11"]
[SourceQuality "1"]

1. e4 e5 2. Nf3 Nc6 3. Bb5 a6 4. Bxc6 dxc6 5. 0-0 Bd6 6. d4 Bg4 7. dxe5 Bxf3 8. Qxf3 Bxe5 9. Rd1 Qh4 10. g3 Qf6 11. Qxf6 Nxf6 12. Kg2 0-0 13. f4 Bxb2 14. Bxb2 Nxe4 15. Rd7 Rac8 16. Nc3 Nd6 17. Re1 Rfd8 18. Rde7 b6 19. Ne4 Nxe4 20. R7xe4 Rd2+ 21. R4e2 Rxe2+ 22. Rxe2 f6 23. Re7 Rd8 24. Kf3 Rd2 25. Re2 Rd8 26. g4 Kf7 27. f5 Rd1 28. h3 c5 29. a3 a5 30. Bc3 Rf1+ 31. Kg2 Rd1 32. Re1 Rd7 33. Kf3 Rd5 34. a4 h6 35. Kf4 Rd6 36. h4 Rd8 37. g5 hxg5+ 38. hxg5 Rh8 39. g6+ Kf8 40. Kg3 Rh5 41. Bd2 Rxf5 42. c4 Re5 0-1

[Event "OP-2013-0-02675"]
[Site "LSS email"]
[Date "2013.03.06"]
[Round "?"]
[White "Serafino, Paola"]
[Black "Kramskoi, Vasyl"]
[Result "1-0"]
[WhiteElo "1298"]
[BlackElo "889"]
[PlyCount "52"]
[EventDate "2013.03.02"]
[EventType "tourn (corr)"]
[EventRounds "4"]
[EventCountry "GER"]
[SourceTitle "Telechess CBM 161"]
[Source "ChessBase"]
[SourceDate "2014.07.16"]
[SourceVersion "1"]
[SourceVersionDate "2014.07.16"]
[SourceQuality "1"]

1. e4 c5 2. Nf3 g6 3. d4 Bg7 4. Bc4 cxd4 5. Nxd4 Nc6 6. Be3 Qa5+ 7. c3 Nf6 8. Qb3 Nxe4 9. Bxf7+ Kd8 10. 0-0 Nxd4 11. Bxd4 Bxd4 12. cxd4 e6 13. d5 Nc5 14. Qh3 Qb6 15. Qh4+ Kc7 16. b4 Na6 17. dxe6 dxe6 18. Na3 Bd7 19. Qf4+ Kc8 20. Rac1+ Nc7 21. Rxc7+ Qxc7 22. Rc1 Bc6 23. Bxe6+ Kb8 24. Qf6 Re8 25. Nb5 Qe7 26. Qe5+ Qc7 1-0

[Event "OP-2013-0-02675"]
[Site "LSS email"]
[Date "2013.03.06"]
[Round "?"]
[White "Serafino, Paola"]
[Black "Sojka, Bernard"]
[Result "0-1"]
[WhiteElo "1298"]
[BlackElo "2030"]
[PlyCount "62"]
[EventDate "2013.03.02"]
[EventType "tourn (corr)"]
[EventRounds "4"]
[EventCountry "GER"]
[SourceTitle "Telechess CBM 161"]
[Source "ChessBase"]
[SourceDate "2014.07.16"]
[SourceVersion "1"]
[SourceVersionDate "2014.07.16"]
[SourceQuality "1"]

1. e4 e5 2. Nf3 Nc6 3. Bb5 a6 4. Bxc6 dxc6 5. c3 Bd6 6. d4 Qe7 7. 0-0 f6 8. Nh4 Be6 9. Nf5 Bxf5 10. exf5 0-0-0 11. Re1 Qd7 12. Qd3 Ne7 13. g4 h5 14. f3 hxg4 15. fxg4 g6 16. Re2 gxf5 17. gxf5 Rdg8+ 18. Kf1 exd4 19. Nd2 Nxf5 20. Ne4 Bxh2 21. Nxf6 Rg1+ 22. Kf2 Ne3 23. Bxe3 dxe3+ 24. Rxe3 Qxd3 25. Rxd3 Rxa1 26. Ng4 Rxa2 27. Rd2 Ra1 28. Ke3 Bg1+ 29. Kd3 Rd8+ 30. Kc2 Rxd2+ 31. Kxd2 Bc5 0-1